000 02286cam a2200685 4500
008 000000n2000 000 0 eng u
020 _a0632037768
035 _a(Sirsi) u107975
050 _a721.0212
_c18
100 _aNeufert, Ernst
245 _aArchitect's data
250 _a3rd ed.
260 _aOxford
_bBlackwell Science
_c2000
300 _aix, 636p.
_bill.
_c30cm.
350 _a69.50
505 _aDraughting guidelines
505 _aMeasurement basis
505 _aDesign
505 _aConstruction management
505 _aBuilding components
505 _aHeating and ventilation
505 _aThermal and sound insulation
505 _aFire protection and means of escape
505 _aLightning protection and ariels
505 _aArtificial lighting and daylight
505 _aWindows and doors
505 _aStairs, escalators and lifts
505 _aRefurbishment, maintenance and change of use
505 _aRoads and streets
505 _aGardens
505 _aHouses and residential buildings
505 _aEducation and research facilities
505 _aOffice buildings
505 _aArcades
505 _aRetail outlets
505 _aWorkshops and industrial buildings
505 _aAgricultural buildings
505 _aPublic transport
505 _aDesigning for vehicles
505 _aAirports
505 _aFire stations
505 _aRestaurants
505 _aHotels/motels
505 _aZoos and aquariums
505 _aTheatres/cinemas
505 _aSport and recreation
505 _aHealthcare buildings
505 _aPlaces of worship
505 _aCemeteries and crematoria
520 _aThird edition of this reference work which provides data for spatial requirements, planning criteria and considerations of function and siting. Each chapter is ilustrated with examples of model layouts and tables of data. Includes an extensive bibliography, details of related standards and conversion tables.
650 _aSPATIAL DATA
650 _aDESIGN DATA
650 _aERGONOMICS
650 _aSPACE PLANNING
690 _aBUILT ENVIRONMENT
700 _aNeufert, Peter
700 _aBaiche, Bousmaha
_xEditor
700 _aWalliman, Nicholas
_xEditor
942 _n0
999 _c100743
_d100743